| 000 | 00532nam a22001817a 4500 | ||
|---|---|---|---|
| 999 |
_c9039 _d9039 |
||
| 008 | 210320b ||||| |||| 00| 0 eng d | ||
| 040 | _aBMS College of Architecture | ||
| 100 | _aC, R, Aparna | ||
| 245 | _aSOS Children's village at Bangalore | ||
| 300 | _a119p. | ||
| 500 | _a1BM07AT007 | ||
| 502 |
_8B.Arch _NBMS College of Architecture, Visvesvaraya Technological _aProject report _d2012 |
||
| 650 | _aChildren | ||
| 650 | _aBangalore | ||
| 700 |
_aShobha M N _eGuide |
||
| 700 |
_aK R Madhu Chand _eGuide |
||
| 942 |
_2ddc _cTHE |
||